Từ điển kinh tế kinh doanh Anh - Việt

Đã lưu trong:
Sonraí Bibleagrafaíochta
Príomhúdar: NGUYỄN ĐỨC DỴ
Formáid: Leabhar
Teanga:Undetermined
Foilsithe: KHKT 2000
Clibeanna: Cuir Clib Leis
Gan Chlibeanna, Bí ar an gcéad duine leis an taifead seo a chlibeáil!
Thư viện lưu trữ: Trung tâm Học liệu Trường Đại học Cần Thơ
LEADER 00423nam a2200145Ia 4500
001 CTU_49080
008 210402s9999 xx 000 0 und d
082 |a 330.03 
082 |b D600 
100 |a NGUYỄN ĐỨC DỴ 
245 0 |a Từ điển kinh tế kinh doanh Anh - Việt 
245 0 |c NGUYỄN ĐỨC DỴ 
260 |b KHKT 
260 |c 2000 
980 |a Trung tâm Học liệu Trường Đại học Cần Thơ